[Event "Acropolis Open"]
[Site "Athens GRE"]
[Date "2006.08.14"]
[Round "2"]
[White "Esen,B"]
[Black "Svetushkin,D"]
[Result "1/2-1/2"]
[WhiteElo "2459"]
[BlackElo "2569"]
[EventDate "2006.08.13"]

1. d4 d5 2. c4 c6 3. Nf3 Nf6 4. Nc3 dxc4 5. a4 e6 6. e3 c5 7. Bxc4 Nc6 8.
O-O cxd4 9. exd4 Be7 10. Bg5 O-O 11. Re1 Re8 12. Qd2 Nd5 13. Bxe7 Rxe7 14.
Rad1 Nxc3 15. bxc3 Bd7 16. Re4 Na5 17. Bd3 Bxa4 18. Rde1 Bb3 19. Rh4 g6 20.
Qg5 Bc4 21. Ne5 Bxd3 22. Ng4 f6 23. Nxf6+ Kh8 24. Rxe6 Rg7 25. h3 Nc4 26.
Re8+ Qxe8 27. Nxe8 Rxe8 28. d5 b5 29. Rd4 Bf5 30. d6 a5 31. Qf6 Kg8 32. Rd5
Bd7 33. h4 a4 34. h5 a3 35. hxg6 hxg6 36. Rd1 Ne5 37. Ra1 Nc4 38. Rd1 a2
39. Ra1 Re2 40. Rxa2 Rxa2 41. Qd8+ Kh7 1/2-1/2

[Event "Acropolis Open"]
[Site "Athens GRE"]
[Date "2006.08.14"]
[Round "2"]
[White "Managadze,N"]
[Black "Al Modiahki,M"]
[Result "1/2-1/2"]
[WhiteElo "2444"]
[BlackElo "2564"]
[EventDate "2006.08.13"]

1. e4 e6 2. d3 d5 3. Nd2 Nf6 4. Ngf3 b6 5. c3 c5 6. Qa4+ Qd7 7. Qc2 Qc7 8.
Be2 Nc6 9. O-O Bd6 10. Re1 O-O 11. b3 Bb7 12. Bb2 Rfe8 13. a3 Rad8 14. g3
a6 15. exd5 exd5 16. d4 b5 17. dxc5 Bxc5 18. b4 Bb6 19. Bd3 h6 20. Nb3 Ng4
21. Nfd4 Nce5 22. Bf1 Nc4 23. Rad1 Nf6 24. Bc1 Ne4 25. Bg2 Qc8 26. f3 Ned6
27. Kh1 a5 28. bxa5 Nxa5 29. Bf4 Nac4 30. Qa2 Qa8 31. Nc2 Nf5 32. Nbd4 Nxd4
33. cxd4 Qa4 34. h4 Ba5 35. Rxe8+ Rxe8 36. Bf1 b4 37. Rb1 Ba6 38. Qb3 Qxb3
39. Rxb3 bxa3 40. Bxc4 Bxc4 41. Rxa3 Bb6 42. Be3 Bc7 43. Kg2 Rb8 44. Bf2
Rb2 45. Ne3 Bb6 46. Nf5 Kh7 47. Kg1 Rb1+ 48. Kg2 Bf1+ 49. Kh2 Rb2 50. Kg1
Bh3 51. Ne7 Be6 52. Ra6 g6 53. g4 Kg7 54. Nc6 Bc8 55. Ra3 Bd7 56. Ne7 Be6
57. Ra6 Kf8 58. Nc6 Ke8 59. Ra8+ Kd7 60. Ne5+ Ke7 61. Ra4 Bd7 62. Nxd7 Kxd7
1/2-1/2

[Event "Acropolis Open"]
[Site "Athens GRE"]
[Date "2006.08.14"]
[Round "2"]
[White "Peralta,Fe"]
[Black "Kalesis,N"]
[Result "1-0"]
[WhiteElo "2546"]
[BlackElo "2435"]
[EventDate "2006.08.13"]

1. d4 Nf6 2. c4 e6 3. Nc3 d5 4. cxd5 exd5 5. Bg5 c6 6. Qc2 Be7 7. e3 O-O 8.
Bd3 Nbd7 9. Nge2 Re8 10. O-O Nf8 11. f3 Nh5 12. Bxe7 Qxe7 13. e4 dxe4 14.
fxe4 Bg4 15. Rf2 Ne6 16. Raf1 Rf8 17. e5 g6 18. Ne4 Bxe2 19. Qxe2 Ng5 20.
Bc4 b5 21. Bb3 Ne6 22. Qe3 Qh4 23. Rxf7 Rxf7 24. Bxe6 1-0

[Event "Acropolis Open"]
[Site "Athens GRE"]
[Date "2006.08.14"]
[Round "2"]
[White "Atakisi,U"]
[Black "Georgiev,Vl"]
[Result "0-1"]
[WhiteElo "2406"]
[BlackElo "2518"]
[EventDate "2006.08.13"]

1. e4 e5 2. Nf3 Nc6 3. Bb5 a6 4. Ba4 Nf6 5. O-O b5 6. Bb3 Bc5 7. a4 Bb7 8.
c3 d6 9. d4 Bb6 10. Bg5 Na5 11. dxe5 dxe5 12. Nxe5 Nxb3 13. Qxb3 O-O 14.
Nd2 h6 15. Bxf6 Qxd2 16. Nf3 Qf4 17. Be5 Qxe4 18. Rfe1 Qg4 19. Bg3 Rad8 20.
Ne5 Qg5 21. Rad1 Rd2 22. Rxd2 Qxd2 23. Qd1 Rd8 24. Qxd2 Rxd2 25. axb5 axb5
26. b4 f6 27. Nf3 Rc2 28. Nd4 Rxc3 29. Nxb5 Rc4 30. Rb1 h5 31. h4 Ba6 32.
Na3 Rc3 33. b5 Bb7 0-1

[Event "Acropolis Open"]
[Site "Athens GRE"]
[Date "2006.08.14"]
[Round "2"]
[White "Kotanjian,T"]
[Black "Karayannis,A"]
[Result "1-0"]
[WhiteElo "2515"]
[BlackElo "2380"]
[EventDate "2006.08.13"]

1. d4 e6 2. c4 Bb4+ 3. Bd2 a5 4. a3 Bxd2+ 5. Qxd2 Nf6 6. Nc3 O-O 7. Nf3 d6
8. e3 Nc6 9. Be2 e5 10. O-O exd4 11. Nxd4 Bd7 12. Rfd1 Ne5 13. Rac1 Re8 14.
Nd5 Ne4 15. Qc2 Nc5 16. b3 Ng4 17. Bxg4 Bxg4 18. f3 Bd7 19. e4 Re5 20. Rd2
Rh5 21. b4 axb4 22. axb4 Ne6 23. Nf5 b6 24. Qc3 f6 25. Ra1 Kf7 26. Rxa8
Qxa8 27. h4 b5 28. g4 Qa7+ 29. c5 Rxf5 30. gxf5 Nd8 31. Rd1 Nc6 32. Ra1 Qb8
33. cxd6 cxd6 34. Qe3 Qe8 35. Kg2 Qe5 36. Qc3 Qe8 37. Nb6 g6 38. Ra8 Qe7
39. Qb3+ 1-0

[Event "Acropolis Open"]
[Site "Athens GRE"]
[Date "2006.08.14"]
[Round "2"]
[White "Shavtvaladze,N"]
[Black "Grivas,E"]
[Result "1/2-1/2"]
[WhiteElo "2383"]
[BlackElo "2496"]
[EventDate "2006.08.13"]

1. e4 c5 2. Nf3 b6 3. c4 Bb7 4. Nc3 d6 5. d4 cxd4 6. Nxd4 Nf6 7. Bd3 e6 8.
O-O Be7 9. f4 O-O 10. Kh1 Nbd7 11. Qe2 g6 12. Bd2 e5 13. Nc2 exf4 14. Bxf4
Re8 15. Nb4 Nh5 16. Be3 Bf6 17. Nbd5 Be5 18. Qf2 f6 19. Be2 Ng7 20. Bg4 Rf8
21. Bxd7 Qxd7 22. Bd4 f5 23. Bxe5 dxe5 24. Qh4 Qf7 25. Rae1 Rae8 26. Nb5
Bxd5 27. cxd5 Qd7 28. Nc3 b5 29. exf5 Nxf5 30. Qg5 e4 31. a3 a5 32. g4 Nd6
33. Rxf8+ Kxf8 34. h4 b4 35. axb4 axb4 36. Ne2 Nf7 37. Qf6 Qxd5 38. Nf4 Qd7
39. Rf1 e3 40. h5 e2 41. Re1 Qxg4 42. hxg6 Qf3+ 43. Kg1 Qg3+ 44. Ng2 hxg6
45. Qf2 Qe5 46. Nf4 Qg5+ 47. Ng2 Qe5 48. Nf4 Qxb2 49. Nxg6+ Kg7 50. Nf4 Ng5
51. Kg2 Qc3 52. Rxe2 Qc6+ 53. Kf1 Qc1+ 54. Kg2 Qc6+ 55. Kf1 Rxe2 56. Qd4+
Kf7 57. Kxe2 Qf3+ 58. Ke1 Qh1+ 59. Ke2 Qf3+ 60. Ke1 Qe4+ 1/2-1/2

[Event "Acropolis Open"]
[Site "Athens GRE"]
[Date "2006.08.14"]
[Round "2"]
[White "Al Sayed,Mohamad"]
[Black "Sandalakis,A"]
[Result "1/2-1/2"]
[WhiteElo "2492"]
[BlackElo "2220"]
[EventDate "2006.08.13"]

1. e4 c5 2. Nf3 e6 3. d4 cxd4 4. Nxd4 a6 5. Bd3 Nf6 6. Qe2 d6 7. c4 Qc7 8.
O-O g6 9. Nc3 Bg7 10. Rd1 O-O 11. Nf3 Nfd7 12. Bf4 Ne5 13. Nxe5 dxe5 14.
Be3 Nc6 15. c5 Bd7 16. Qe1 Nd4 17. b4 a5 18. a3 Rfc8 19. Bxd4 exd4 20. Nb5
Bxb5 21. Bxb5 b6 22. cxb6 Qxb6 23. a4 axb4 24. Qxb4 d3 25. Rab1 Rc2 26. Rf1
d2 27. Rfd1 Bd4 28. Rxd2 Bxf2+ 29. Kh1 Bc5 30. Rxc2 Bxb4 31. Rxb4 Qe3 32.
Rb1 Qxe4 33. Rbc1 Rxa4 34. Bxa4 Qxa4 35. Rc7 Qf4 36. R7c4 Qf6 37. h3 Kg7
38. Rc7 Qf5 39. Rd1 g5 40. Kg1 Qf4 41. Rdd7 h5 42. Rc3 Qa4 43. Rcc7 Qa1+
44. Kf2 Qf6+ 45. Ke3 Qf4+ 46. Ke2 Kg6 47. Rb7 f6 48. Rbc7 Kf5 49. Rc3 Qe5+
50. Re3 Qb5+ 51. Red3 e5 52. Kf2 Qb6+ 53. Kf1 g4 54. hxg4+ hxg4 55. g3 Qb5
56. Kg2 Ke4 57. Rd2 Ke3 58. R7d6 Qc4 59. Rd1 Qe2+ 60. Kg1 Qf2+ 61. Kh1 Qf3+
62. Kh2 e4 63. Ra1 Qe2+ 64. Kh1 f5 65. Rd5 Qb2 66. Rf1 Ke2 67. Rdxf5 e3 68.
Kg1 Qh8 69. Ra5 Qh3 70. Ra2+ Kd3 71. Ra3+ Kd2 72. Ra2+ Kc3 73. Ra3+ Kd2
1/2-1/2

[Event "Acropolis Open"]
[Site "Athens GRE"]
[Date "2006.08.14"]
[Round "2"]
[White "Botsari,A"]
[Black "Aroshidze,L"]
[Result "0-1"]
[WhiteElo "2372"]
[BlackElo "2490"]
[EventDate "2006.08.13"]

1. d4 Nf6 2. c4 e6 3. Nc3 Bb4 4. Qc2 O-O 5. a3 Bxc3+ 6. Qxc3 b6 7. Bg5 Bb7
8. e3 d6 9. Ne2 Nbd7 10. Qd3 Re8 11. Nc3 h6 12. Bh4 Nf8 13. f3 Ng6 14. Bf2
c5 15. Rd1 d5 16. cxd5 exd5 17. Be2 Bc6 18. O-O c4 19. Qc2 b5 20. Rfe1 a5
21. b4 Qe7 22. Qb2 Ra6 23. Bf1 axb4 24. axb4 Qb7 25. Ra1 Rea8 26. g3 Qa7
27. Rxa6 Qxa6 28. Rb1 Nd7 29. e4 Nb6 30. Qc2 Qa3 31. Bg2 Na4 32. Be1 Nxc3
33. Bxc3 Qa2 34. Rb2 Qa1+ 35. Rb1 Qa2 36. Rb2 Qa4 37. Kf1 Qxc2 38. Rxc2 Ra3
39. Ke2 Nf8 40. Kd2 Nd7 41. Rc1 Nb6 42. Ra1 Rb3 43. Ra6 Na4 44. Rxc6 Nxc3
45. exd5 Nxd5 46. Rc5 Nxb4 47. Bh3 Rd3+ 48. Ke2 Rxd4 49. Rxb5 c3 50. Rb8+
Kh7 51. Bf5+ g6 52. Ke3 gxf5 0-1

[Event "Acropolis Open"]
[Site "Athens GRE"]
[Date "2006.08.14"]
[Round "2"]
[White "Papadopoulos,I"]
[Black "Zysk,R"]
[Result "0-1"]
[WhiteElo "2285"]
[BlackElo "2474"]
[EventDate "2006.08.13"]

1. e4 e6 2. d4 d5 3. Nc3 Nf6 4. e5 Nfd7 5. Nce2 c5 6. f4 Nc6 7. c3 b5 8. a3
cxd4 9. cxd4 b4 10. a4 b3 11. Qxb3 Bb4+ 12. Kf2 f6 13. exf6 Nxf6 14. g3 Qb6
15. Kg2 O-O 16. Nf3 Rb8 17. Qd1 Ne4 18. Neg1 e5 19. fxe5 Nxe5 20. Be2 Ng6
21. Bd3 Qxd4 22. Qe2 Qf6 23. Be3 Bc5 24. Bxc5 Nxc5 25. Bxg6 hxg6 26. Ne5
Ba6 0-1

[Event "Acropolis Open"]
[Site "Athens GRE"]
[Date "2006.08.14"]
[Round "2"]
[White "Simeonidis,I"]
[Black "Rozentalis,E"]
[Result "1/2-1/2"]
[WhiteElo "2299"]
[BlackElo "2605"]
[EventDate "2006.08.13"]

1. d4 d6 2. Nf3 Bg4 3. e4 Nd7 4. c4 g6 5. Be2 Bg7 6. O-O c5 7. d5 Ngf6 8.
Nc3 O-O 9. Ng5 Bxe2 10. Qxe2 h6 11. Nh3 Re8 12. f4 e6 13. dxe6 Rxe6 14. f5
Re8 15. fxg6 fxg6 16. Nf4 g5 17. Nfd5 Nxd5 18. Nxd5 Nf6 19. Qd3 Ng4 20. Bd2
Ne5 21. Qe2 Qd7 22. Bc3 Rf8 23. Rf5 Rae8 24. Raf1 Rxf5 25. exf5 Qf7 26. f6
Bf8 27. Qe4 Re6 28. Bxe5 Rxe5 29. Qg4 Qe6 30. Qh5 1/2-1/2

[Event "Acropolis Open"]
[Site "Athens GRE"]
[Date "2006.08.14"]
[Round "2"]
[White "Mastrovasilis,D"]
[Black "Georgiadis,I"]
[Result "0-1"]
[WhiteElo "2567"]
[BlackElo "2312"]
[EventDate "2006.08.13"]

1. e4 c5 2. Nc3 a6 3. Nf3 d6 4. d4 cxd4 5. Nxd4 Nf6 6. Be3 e5 7. Nb3 Be6 8.
f3 Nbd7 9. g4 Nb6 10. g5 Nh5 11. Qd2 Be7 12. O-O-O Rc8 13. Rg1 O-O 14. Kb1
Qc7 15. Qf2 Bd8 16. Bd3 g6 17. h4 f6 18. gxf6 Rxf6 19. Nd2 Rf7 20. Nf1 Nc4
21. Bxc4 Bxc4 22. Nh2 Be7 23. Rd2 Rcf8 24. Bh6 Re8 25. Ng4 Be6 26. Nd5 Bxd5
27. Rxd5 Kh8 28. Rgd1 Nf4 29. R5d2 Ne6 30. Qg3 Rc8 31. c3 b5 32. Ne3 Nf4
33. Qg4 Rd8 34. Qg1 Bxh4 35. Rh2 Qe7 36. Rxh4 Qxh4 37. Bg5 Qh3 38. Bxd8
Qxf3 39. Nc2 Qxe4 40. Qb6 Nd5 41. Qxd6 Rf2 42. Ka1 Kg7 43. Rxd5 Qxd5 0-1

[Event "Acropolis Open"]
[Site "Athens GRE"]
[Date "2006.08.14"]
[Round "2"]
[White "Solak,D"]
[Black "Logothetis,S"]
[Result "1-0"]
[WhiteElo "2564"]
[BlackElo "2321"]
[EventDate "2006.08.13"]

1. d4 d5 2. c4 e6 3. Nf3 Nf6 4. Nc3 Bb4 5. Bg5 O-O 6. e3 c5 7. cxd5 exd5 8.
a3 Bxc3+ 9. bxc3 Nbd7 10. Qc2 Qa5 11. Nd2 Ne4 12. Nxe4 dxe4 13. Qd2 c4 14.
Bh4 Nb6 15. Be2 Bf5 16. O-O Rac8 17. Rfb1 Nd5 18. Rxb7 Nxc3 19. Bf1 Qa6 20.
Re7 Na4 21. Re5 Bd7 22. Rc1 Rfe8 23. Qa5 Qxa5 24. Rxa5 Nb2 25. Rxa7 Be6 26.
Be7 Nd3 27. Rc3 Rb8 28. Bb4 Nxb4 29. axb4 Rxb4 30. f3 f5 31. Rc7 Rb3 32.
R7xc4 Rb1 33. Rc1 Reb8 34. R4c3 R8b4 35. fxe4 fxe4 36. Kf2 Rxc1 37. Rxc1
Rb2+ 38. Kg3 g5 39. Rc5 h6 40. Re5 Kf7 41. Rxe4 h5 42. h4 gxh4+ 43. Kxh4
Bd5 44. Rf4+ Kg6 45. Bd3+ Kh6 46. Be4 Bxe4 47. Rxe4 Rxg2 48. Re6+ Kg7 49.
Kxh5 Kf7 50. d5 Rg1 51. e4 Rg2 52. Kh6 Rg1 53. e5 Rg2 54. Rf6+ Ke7 55. d6+
Kd7 56. Rf7+ Ke8 57. d7+ 1-0

[Event "Acropolis Open"]
[Site "Athens GRE"]
[Date "2006.08.14"]
[Round "2"]
[White "Sigalas,F"]
[Black "Romanishin,O"]
[Result "0-1"]
[WhiteElo "2199"]
[BlackElo "2555"]
[EventDate "2006.08.13"]

1. e4 e5 2. Nf3 Nc6 3. Bb5 a6 4. Bxc6 dxc6 5. O-O Qd6 6. Na3 Be6 7. Qe2 f6
8. Rd1 Bg4 9. d4 Qe6 10. b3 Bd6 11. Nc4 Ne7 12. Bb2 exd4 13. Bxd4 Ng6 14.
h3 Bh5 15. Nxd6+ cxd6 16. Qe3 Bxf3 17. Qxf3 O-O 18. Re1 Rfe8 19. Bc3 Rad8
20. Rad1 Rd7 21. Qg4 Qxg4 22. hxg4 d5 23. exd5 Rxe1+ 24. Bxe1 cxd5 25. f3
Ne5 26. Bg3 Nc6 27. Rd2 Kf7 28. Kf2 h6 29. c4 d4 30. Ke2 Ke6 31. Kd3 Nb4+
32. Ke2 d3+ 33. Kd1 f5 34. gxf5+ Kxf5 35. Kc1 Nc2 36. Kb2 Ne3 37. Be1 Nf1
38. Rd1 Ne3 39. Rd2 Nf1 40. Rd1 d2 41. Bf2 Kf4 0-1

[Event "Acropolis Open"]
[Site "Athens GRE"]
[Date "2006.08.14"]
[Round "2"]
[White "Kharlampidi,T"]
[Black "Sriram,J"]
[Result "0-1"]
[WhiteElo "2181"]
[BlackElo "2408"]
[EventDate "2006.08.13"]

1. e4 e5 2. Nf3 Nc6 3. Bb5 a6 4. Ba4 Nf6 5. Bxc6 dxc6 6. d3 Nd7 7. O-O c5
8. Nbd2 Be7 9. Nc4 f6 10. Ne3 Nf8 11. Nh4 g6 12. f4 exf4 13. Rxf4 Be6 14.
Rf1 Qd6 15. Ng4 O-O-O 16. Be3 Nd7 17. b3 Kb8 18. Kh1 h5 19. Bf4 Qb6 20. Ne3
g5 21. Nef5 Rh7 22. Nxe7 Rxe7 23. Ng6 Rg7 24. Qxh5 Bf7 25. Bg3 Bxg6 26. Qf3
Qe6 27. b4 Rf7 28. bxc5 f5 29. Rfb1 fxe4 30. Qe3 Qd5 31. d4 Nf8 32. Be5 Ne6
33. Rb4 Rdf8 34. Kg1 Rf5 35. Bg3 Kc8 36. Rab1 Qxa2 37. h3 Qxc2 38. Kh2 Rf1
39. Rxf1 Rxf1 40. c6 Qxc6 41. d5 Qc5 42. Qxc5 Nxc5 43. Rc4 b6 44. d6 e3 45.
dxc7 e2 46. Rd4 Rd1 0-1

[Event "Acropolis Open"]
[Site "Athens GRE"]
[Date "2006.08.14"]
[Round "2"]
[White "Markidis,K"]
[Black "Dounis,A"]
[Result "1/2-1/2"]
[WhiteElo "2370"]
[BlackElo "2152"]
[EventDate "2006.08.13"]

1. e4 d5 2. exd5 Nf6 3. Nf3 Qxd5 4. Nc3 Qd6 5. d4 a6 6. g3 Bg4 7. h3 Bh5 8.
Bg2 Nc6 9. O-O O-O-O 10. d5 Nxd5 11. Nxd5 Qxd5 12. Qxd5 Rxd5 13. Be3 e6 14.
c3 Rd8 15. Nd2 Ne5 16. g4 Bg6 17. Ne4 Be7 18. Bd4 Nc4 19. Bxg7 Rhg8 20. Bd4
Bxe4 21. Bxe4 f5 22. Bc2 Nd2 23. Rfd1 Nf3+ 24. Kg2 Nxd4 25. Rxd4 Rxd4 26.
cxd4 fxg4 27. Re1 gxh3+ 28. Kxh3 Kd7 29. Rxe6 Kxe6 30. Bb3+ Kf5 31. Bxg8 h6
32. d5 Kf4 33. Kg2 b6 1/2-1/2

[Event "Acropolis Open"]
[Site "Athens GRE"]
[Date "2006.08.14"]
[Round "2"]
[White "Hakki,I"]
[Black "Ignatiadis,K"]
[Result "1/2-1/2"]
[WhiteElo "2447"]
[BlackElo "2248"]
[EventDate "2006.08.13"]

1. Nf3 Nf6 2. c4 c6 3. Nc3 d5 4. e3 g6 5. d4 Bg7 6. Be2 O-O 7. O-O a6 8. b3
Bg4 9. Bb2 e6 10. Ne5 Bxe2 11. Qxe2 Ne4 12. Rfd1 Nxc3 13. Bxc3 Nd7 14. e4
Re8 15. Rac1 Qe7 16. Bb2 Rad8 17. Nxd7 1/2-1/2

[Event "Acropolis Open"]
[Site "Athens GRE"]
[Date "2006.08.14"]
[Round "2"]
[White "Fragiadakis,K"]
[Black "Yagiz,Y"]
[Result "0-1"]
[WhiteElo "2223"]
[BlackElo "2343"]
[EventDate "2006.08.13"]

1. e4 e5 2. Nf3 Nc6 3. Bc4 Bc5 4. O-O Nf6 5. d3 O-O 6. Bg5 h6 7. Be3 d6 8.
h3 Qe7 9. Nh4 Kh7 10. Bxc5 dxc5 11. Nf3 Nd8 12. Nc3 c6 13. a4 Nh5 14. Kh2
Nf4 15. Ng1 g5 16. g3 Rg8 17. gxf4 gxf4 18. Qh5 Rg5 19. Qf3 h5 20. Nge2 Bg4
21. hxg4 hxg4 22. Qg2 Rh5+ 23. Kg1 f3 24. Qg3 Qg5 25. Rfe1 Qh6 26. Kf1 Rh1+
27. Ng1 Qh3+ 28. Qxh3+ gxh3 29. Nce2 h2 30. Rec1 Rxg1+ 31. Nxg1 h1=Q 0-1

[Event "Acropolis Open"]
[Site "Athens GRE"]
[Date "2006.08.14"]
[Round "2"]
[White "Hadzimanolis,A"]
[Black "Skaperdas,K"]
[Result "1-0"]
[WhiteElo "2333"]
[BlackElo "2235"]
[EventDate "2006.08.13"]

1. e4 e6 2. d4 d5 3. Bd3 dxe4 4. Bxe4 Nf6 5. Bf3 c5 6. Ne2 Nc6 7. Be3 cxd4
8. Nxd4 Ne5 9. Nc3 a6 10. O-O Bb4 11. Ne4 O-O 12. c3 Be7 13. Nxf6+ Bxf6 14.
Be4 Nc4 15. Bxh7+ Kxh7 16. Qd3+ g6 17. Qxc4 b5 18. Qc6 Rb8 19. Qf3 Bxd4 20.
Bxd4 f6 21. Bc5 Rf7 22. Rad1 Qe8 23. Rd4 e5 24. Rd6 Bb7 25. Qh3+ Kg7 26.
Rfd1 Qh8 27. Qg3 Qh5 28. f3 e4 29. Bd4 Rbf8 30. Qg4 exf3 31. Qxh5 gxh5 32.
gxf3 Bxf3 33. Rd3 Bb7 34. Rb6 Bc8 35. Rf3 Kg6 36. Kf2 h4 37. Rf4 Kg5 38.
Be3 Kh5 39. a4 Bd7 40. Rxa6 bxa4 41. Kf3 h3 42. Rd6 Bc8 43. Rxa4 Bb7+ 44.
Ke2 Re8 45. Ra5+ Kg6 46. Rg5+ Kh7 47. Rh5+ Kg8 48. Rxh3 f5 49. Kf2 Rg7 50.
Rg3 Rxg3 51. hxg3 Re7 52. Bd4 Be4 53. Ke3 Bb1+ 54. Kd2 Kf7 55. c4 Re4 56.
Kc3 Ke8 57. c5 Ke7 58. Bf6+ Kf7 59. c6 Re6 60. Rxe6 Kxe6 61. b4 Be4 62. b5
Kxf6 63. Kd4 Ke7 64. Kc5 Bd3 65. b6 Kd8 66. Kd6 Kc8 67. b7+ Kb8 68. c7+
Kxb7 69. Kd7 f4 70. c8=Q+ 1-0

[Event "Acropolis Open"]
[Site "Athens GRE"]
[Date "2006.08.14"]
[Round "2"]
[White "Pandavos,P"]
[Black "Grigoriadis,A"]
[Result "0-1"]
[WhiteElo "2312"]
[BlackElo "2214"]
[EventDate "2006.08.13"]

1. e4 c5 2. Nf3 d6 3. d4 cxd4 4. Nxd4 Nf6 5. Nc3 a6 6. Bg5 e6 7. Qd3 Nbd7
8. f4 Qc7 9. Be2 b5 10. a3 Bb7 11. Bxf6 Nxf6 12. Bf3 O-O-O 13. O-O-O Be7
14. Kb1 Kb8 15. Rhe1 Nd7 16. Qe3 Nb6 17. Rd3 Nc4 18. Qc1 Bf6 19. b3 Qc5 20.
e5 dxe5 21. Bxb7 Rxd4 22. bxc4 bxc4 23. Rxd4 exd4 24. Ne4 Qb6+ 25. Ka2 Qxb7
26. Nc5 Qb5 0-1

[Event "Acropolis Open"]
[Site "Athens GRE"]
[Date "2006.08.14"]
[Round "2"]
[White "Gogolis,A"]
[Black "Alexakis,D"]
[Result "1-0"]
[WhiteElo "2293"]
[BlackElo "2201"]
[EventDate "2006.08.13"]

1. d4 c5 2. c3 Nf6 3. Nf3 e6 4. Bf4 cxd4 5. cxd4 Bb4+ 6. Nbd2 O-O 7. e3 d5
8. Bd3 Ne4 9. a3 Bxd2+ 10. Nxd2 f5 11. Bxb8 Rxb8 12. Nf3 Bd7 13. Ne5 Bb5
14. O-O Bxd3 15. Qxd3 Rc8 16. Rac1 Qe7 17. Rc2 Rc7 18. Rfc1 Rfc8 19. f3 Nd6
20. Qb3 Qd8 21. Qa4 b5 22. Qa5 Rxc2 23. Qxd8+ Rxd8 24. Rxc2 Nc4 25. Kf2
Nxe5 26. dxe5 d4 27. exd4 Rxd4 28. Rc8+ Kf7 29. Rc7+ Kf8 30. Ke3 Rd5 31. f4
a5 32. b3 Rd1 33. a4 bxa4 34. bxa4 Re1+ 35. Kd4 Re4+ 36. Kc5 Rxf4 37. Kd6
Rxa4 38. Kxe6 g6 39. Kf6 Ke8 1-0

[Event "Acropolis Open"]
[Site "Athens GRE"]
[Date "2006.08.14"]
[Round "2"]
[White "Himaras,S"]
[Black "Tsanas,A"]
[Result "1/2-1/2"]
[WhiteElo "2193"]
[BlackElo "2286"]
[EventDate "2006.08.13"]

1. d4 Nf6 2. c4 g6 3. g3 Bg7 4. Bg2 O-O 5. Nc3 d6 6. Nf3 Nc6 7. O-O Bf5 8.
b3 Ne4 9. Nd5 e6 10. Ne3 Nc3 11. Qd2 Nxd4 12. Nxd4 Bxd4 13. Bb2 Qf6 14. Nd1
Nxe2+ 15. Qxe2 Bxb2 16. Qxb2 Qxb2 17. Nxb2 c6 18. Rfd1 Rad8 19. Rd2 Rfe8
20. Rad1 d5 21. f3 g5 22. Bf1 f6 23. Bd3 Bxd3 24. Rxd3 Kf7 25. cxd5 exd5
26. Kf2 Ke6 27. Re1+ Kd6 28. Rde3 Rxe3 29. Rxe3 c5 30. Ke1 f5 31. Kd2 f4
32. gxf4 gxf4 33. Re2 b5 34. Rg2 c4 35. Rg7 Re8 36. Rxa7 Re3 37. Nd1 Rxf3
38. bxc4 bxc4 39. Rxh7 d4 40. h4 Ra3 41. h5 Rxa2+ 42. Kc1 c3 43. h6 Ra1+
44. Kc2 Ra2+ 45. Kc1 1/2-1/2

[Event "Acropolis Open"]
[Site "Athens GRE"]
[Date "2006.08.14"]
[Round "2"]
[White "Tassopoulos,M"]
[Black "Klokas,K"]
[Result "0-1"]
[WhiteElo "2270"]
[BlackElo "2193"]
[EventDate "2006.08.13"]

1. d4 f5 2. Nf3 Nf6 3. Bg5 d5 4. e3 e6 5. Nbd2 Bd6 6. c4 c6 7. Bd3 O-O 8.
O-O Qe8 9. Bf4 Be7 10. Rc1 Ne4 11. h3 Nd7 12. Ne5 g5 13. Bh2 Ndf6 14. f3
Nd6 15. c5 Nf7 16. Nxf7 Rxf7 17. b4 Rg7 18. g4 h5 19. Be5 Bd7 20. Kg2 Qg6
21. Qe2 Kf7 22. e4 Rh8 23. Rh1 Rgh7 24. Rcf1 Rh6 25. Bd6 Bd8 26. Qe1 Qh7
27. gxf5 exf5 28. e5 Ne8 29. Kf2 Ng7 30. Ke2 Ne6 31. Bb1 Nxd4+ 32. Kd1 Ne6
33. Nb3 Re8 34. Qd2 Kg8 35. Rhg1 Kh8 36. Nd4 Nxd4 37. Qxd4 Be6 38. Rg2 Rg8
39. Rfg1 Rhg6 40. Qb2 h4 41. Bd3 Qh5 42. Qe2 R6g7 43. Kc2 g4 44. fxg4 fxg4
45. hxg4 Bxg4 46. Rxg4 Rxg4 47. e6 Rc4+ 48. Bxc4 Qxe2+ 49. Bxe2 Rxg1 50. e7
Bxe7 51. Bxe7 h3 52. Bd6 Rg2 53. Kd3 h2 54. Bxh2 Rxh2 55. a4 Kg7 56. b5 Kf6
57. Bg4 Ke5 58. Bd7 Rh6 59. Bc8 Rh7 60. b6 axb6 0-1

[Event "Acropolis Open"]
[Site "Athens GRE"]
[Date "2006.08.14"]
[Round "2"]
[White "Parginos,V"]
[Black "Dagkakis,P"]
[Result "1/2-1/2"]
[WhiteElo "2177"]
[BlackElo "2267"]
[EventDate "2006.08.13"]

1. d4 d6 2. c4 e5 3. Nf3 e4 4. Ng5 f5 5. Nc3 Nf6 6. h4 Be7 7. g3 O-O 8. Bf4
c6 9. e3 Na6 10. Be2 Nc7 11. Qb3 h6 12. Nh3 Rb8 13. Rd1 Be6 14. d5 cxd5 15.
cxd5 Bf7 16. f3 b5 17. a3 a5 18. Rd4 b4 19. axb4 Rxb4 20. Rxb4 axb4 21.
Qxb4 Nfxd5 22. Qa5 Qb8 23. fxe4 fxe4 24. O-O Qxb2 25. Nxd5 Nxd5 26. Bc4 Qb4
27. Qa2 Nf6 28. Bxf7+ Rxf7 29. Rb1 Qc5 30. Rb8+ Bf8 31. Qe6 d5 32. Rc8 Qe7
33. Qd6 Qd7 34. Qxd7 Rxd7 35. Be5 Kf7 36. Nf4 Bd6 37. Bxd6 Rxd6 38. Rc7+
Nd7 39. h5 Kf6 40. Kg2 Kf5 41. Kh3 Kf6 42. Kg2 Nf8 43. Rb7 Ne6 44. Nxe6
Rxe6 45. Rd7 Re5 46. g4 Rg5 47. Kg3 Ke6 48. Ra7 Kd6 49. Kf4 Kc5 50. Ra6 Kb5
51. Rd6 Kc4 52. Ra6 Kd3 53. Ra3+ Ke2 54. Ra2+ Kf1 55. Rd2 Ke1 56. Rh2 Kf1
57. Rd2 Ke1 58. Rh2 Kd1 59. Ra2 Kc1 60. Ra6 Kd2 61. Ra2+ Kc3 62. Ra3+ Kc4
63. Ra6 Kb5 64. Rd6 Kc5 65. Ra6 1/2-1/2

[Event "Acropolis Open"]
[Site "Athens GRE"]
[Date "2006.08.14"]
[Round "2"]
[White "Delithanasis,D"]
[Black "Gamback,B"]
[Result "1/2-1/2"]
[WhiteElo "2264"]
[BlackElo "2179"]
[EventDate "2006.08.13"]

1. e4 c5 2. Nc3 Nc6 3. f4 e6 4. Nf3 a6 5. g3 b5 6. Bg2 Bb7 7. d3 d6 8. O-O
Qc7 9. Be3 Nf6 10. h3 h5 11. Qe1 Be7 12. Qf2 Rc8 13. a4 b4 14. Ne2 c4 15.
b3 cxd3 16. cxd3 a5 17. Ned4 Qb8 18. Nxc6 Bxc6 19. Nd4 Bb7 20. Rfc1 O-O 21.
Qe2 Rxc1+ 22. Rxc1 Rc8 23. Rxc8+ Qxc8 24. e5 dxe5 25. fxe5 Nd7 26. Qxh5 g6
27. Bxb7 Qxb7 28. Qf3 Qc7 29. Nc6 Nxe5 30. Nxe7+ Qxe7 31. Qa8+ Kh7 32. Qxa5
Nxd3 33. Qa7 Qf6 34. Qd4 Ne5 35. Qh4+ Qxh4 36. gxh4 Nc6 37. Bb6 Kg7 38. Bc7
Kf6 39. a5 Ke7 40. a6 Kd7 41. Bb6 Kc8 42. Kf2 Ne7 43. Bc5 Nd5 44. Ke2 Nc7
45. a7 Kb7 46. Kf3 Nb5 47. Kg4 Nxa7 48. Bxb4 Kc6 49. Kg5 Kd5 50. Kf6 Nc6
51. Bc3 Ke4 52. b4 Na7 53. Kxf7 Kf5 54. Ke7 e5 55. Be1 e4 56. Kd6 Kf4 57.
Kc5 Kf3 58. b5 Nxb5 59. Kxb5 Kg2 60. Kc4 Kxh3 1/2-1/2

[Event "Acropolis Open"]
[Site "Athens GRE"]
[Date "2006.08.14"]
[Round "2"]
[White "Kakadelis,S"]
[Black "Pountzas,H"]
[Result "0-1"]
[WhiteElo "2157"]
[BlackElo "2262"]
[EventDate "2006.08.13"]

1. c4 c5 2. Nc3 g6 3. g3 Bg7 4. Bg2 Nc6 5. d3 e5 6. Rb1 Nge7 7. Bg5 h6 8.
Bd2 d6 9. a3 a5 10. Qa4 Be6 11. Nd5 O-O 12. h4 Bd7 13. Qd1 Rb8 14. Qc1 Kh7
15. Bg5 f6 16. Bd2 Nxd5 17. Bxd5 Ne7 18. h5 g5 19. Bg2 b5 20. cxb5 Rxb5 21.
Qc2 Kh8 22. e3 Qb6 23. Ne2 Rb8 24. Bc3 Be6 25. O-O Nd5 26. Bxd5 Bxd5 27. e4
Be6 28. Kg2 d5 29. a4 Rb3 30. exd5 Bxd5+ 31. Kh2 Bf3 32. Qd2 Qd8 33. Qe3 g4
34. Ng1 Ba8 35. f3 Qd5 36. Qe4 gxf3 37. Qxd5 Bxd5 38. Nxf3 Bxf3 0-1

[Event "Acropolis Open"]
[Site "Athens GRE"]
[Date "2006.08.14"]
[Round "2"]
[White "Citak,S"]
[Black "Valden,P"]
[Result "1/2-1/2"]
[WhiteElo "2258"]
[BlackElo "2165"]
[EventDate "2006.08.13"]

1. d4 Nf6 2. Nf3 c5 3. d5 b5 4. Bg5 d6 5. Bxf6 exf6 6. e4 a6 7. a4 b4 8.
Bd3 a5 9. O-O Be7 10. Nbd2 O-O 11. Nc4 Re8 12. Nfd2 Nd7 13. f4 Nb6 14. Nxb6
Qxb6 15. Nc4 Qc7 16. e5 Ba6 17. e6 fxe6 18. dxe6 f5 19. Ne3 g6 20. Bxa6
Rxa6 21. Qd5 Bf6 22. Qc4 Qc6 23. Nd5 Bxb2 24. Rae1 Bd4+ 25. Kh1 Ra7 26. e7
Kg7 27. Re6 Rd7 28. h3 Qb7 29. Rd1 Rdxe7 30. Nxe7 Rxe7 31. Rde1 Rxe6 32.
Qxe6 Qc7 33. Qd5 Bf6 34. Re6 Be7 35. g4 fxg4 36. hxg4 c4 37. f5 b3 38. cxb3
cxb3 39. Qxb3 Qc1+ 40. Kg2 Qd2+ 41. Kf3 Bg5 42. Qc4 d5 43. Qc7+ Kh6 44. Qg3
Qd1+ 45. Kg2 Qc2+ 46. Kh3 Qd1 47. Re1 Qxa4 48. Qf3 Qd4 49. Rd1 Qe4 50. Qxe4
dxe4 51. Rd5 a4 52. Ra5 Bd2 53. Rxa4 gxf5 54. gxf5 e3 55. Re4 1/2-1/2